000 00638nam a2200193Ia 4500
003 GCL
008 140319s9999 xx 000 0 ara d
040 _aGCL /
_cGCL
082 0 4 _a842.008
_bد ع
100 1 _aدومونترلان، هنرى
245 1 0 _aعندما تعمى البصيرة أو مالاتستا /
_cدومونترلان، هنرى
700 1 _aوحيد النقاش
300 _a210 ص
490 _aالمسرح العالمى
_v0
650 0 4 _aالمسرحيات الفرنسية
650 0 4 _aالادب الفرنسى المترجم
650 0 4 _aالادب العالمى المترجم
942 _2ddc
_cBK
999 _c40094
_d40094